000 00292nam a22001217a 4500
008 181009b xxu||||| |||| 00| 0 eng d
041 _aeng
080 _a038
100 _a23
101 _aFJA
245 _aWebster's New World Dictionary of the American Language
_cWebster
942 _2udc
_cBK
999 _c49136
_d49136